000 00763nas a2200253 4500
001 BR9405142
003 BR-BrBNA
005 20231205093716.0
007 ta
008 230509b bl.|||p| |||| 00| 00por d
040 _aBR-BrBNA
_bpor
_cBiblioteca Nacional de Agricultura
041 _a(Pt)
072 _aL60
100 1 _aCampos, L.A.O.
100 1 _aMorato, E.
100 1 _aMelo, G.R. de
100 1 _aSilveira, F.A. da
245 1 _aAbelhas - caracteristicas e importancia
650 _aAbelha
650 _aTaxonomia Animal
773 0 _tInforme Agropecuario - Empresa de Pesquisa Agropecuaria de Minas Gerais (Brazil)
_xISSN 0100-3364
_g(1987), v. 13(149) p. 7-15
_wBR9405142
909 _a202311
_bLúcia
_c55
_dLúcia Elande
942 _2AGRIS
_n0
_cANA
999 _c140007
_d140007